Thank you in 15 languages - Statistics

General Stats
  • This quiz has been taken 30 times
  • The average score is 10 of 15
Answer Stats
Thank you/Thanks Answer % Correct
Gracias Spanish
100%
Merci French
96%
Grazie Italian
91%
Arigato Japanese
87%
Obrigado Portuguese
83%
Dank je Dutch
74%
Shukran Arabic
65%
Efharisto Greek
61%
Gracies Catalan
52%
Dhanyavad Hindi
48%
Multumesc Romanian
48%
Blagodaria Bulgarian
43%
Koszonom Hungarian
43%
Diolch Welsh
43%
Asante Swahili
26%
No matching quizzes found
Score Distribution
Percent of People with Each Score
Percentile by Number Answered
Your Score History
You have not taken this quiz